| 000 | 00614nam a2200157 4500 | ||
|---|---|---|---|
| 001 | 109373 | ||
| 003 | ES-MaACL | ||
| 005 | 20230906184829.0 | ||
| 007 | t| | ||
| 008 | 061121s1924 sp r ||||1| spa d | ||
| 245 | 0 | 0 |
_aMisterios conventuales _b: emocionante exclaustración de dos religiosas, contada por la protagonista, y seguida de una polémica periodistica en la que se pone de manifiesto la mala fé clerical. |
| 260 |
_aCuenca : _b[s. n.], _c1924 ( _fImp. de Gregorio de la Plaza) |
||
| 300 |
_a48 p. ; _c20 cm. |
||
| 500 | _aPrecede al tít.: Publicaciones de "La Lucha" | ||
| 852 |
_aES-MaACL _j1667-F-25 |
||
| 999 |
_c109373 _d109373 |
||